000 00432cam a2200181 4500
001 D5847
008 090401t1974 xxu||||| |||| 00| 0 eng d
035 _a(Sirsi) u73205
041 _aeng
050 _a526.99
100 _aIngham, A.E.
245 _aHydrography for the surveyor and engineer
260 _aLondon
_bCrosby Lockwood Staples
_c1974
300 _a139p ill
350 _a3.95
942 _n0
948 _c04/03/1997
999 _c95560
_d95560